00714nam a2200205 a 450000100060000000300080000600500170001400800410003103500190007204000320009104100080012308200260013110000250015724500940018226000460027630000260032250001010034850400320044965000270048126342BD-RjUL20211209051013.0170219s1965 bg b 001 0 eng d a(BD-RjUL)26412 aDLCcMoUdDLCdBD-RjULbeng aeng00a266.554bALB 19652231 aAli, Muhammad Mohar.14aThe Bengali reaction to Christian missionary activities, 1833-1857 /cMuhammad Mohar Ali. aChittagong :bMehrub Publications,c1965. axii, 243 p. ;c23 cm. a"Thesis approved for the degree of doctor of philosophy of the University of London, May, 1963." aBibliography: p. [211]-232. 0aMissionszIndia-Bengal